| 000 | 01295nam a2200229Ia 4500 | ||
|---|---|---|---|
| 001 | 11195 | ||
| 003 | GE_BSU | ||
| 008 | 181216s||||||||xx |||||||||||||| ||und|| | ||
| 040 | _cGE_BSU | ||
| 080 | _a634.8 | ||
| 100 | _aზაქარია ყანჩაველი, რუსუდან კეშელავა, ჯენარო ჩხეიძე და სხვ. ავტ. კოლექტივი: გივი მოსაშვილი, თინათინ ეპიტაშვილი, ხათუნა ბეჟიტაშვილი | ||
| 245 | _aვაზის დაცვა მავნე ორგანიზმებისაგან | ||
| 245 | _bსაქართველოს სოფლის მეურნეობის მეცნიერებათა აკადემია ლ. ყანჩაველის მცენარეთა დაცვის ინსტიტუტი | ||
| 245 | _cრედ: გურამ ალექსიძე | ||
| 260 | _aთბილისი. | ||
| 260 | _bლეგა | ||
| 260 | _c2009 | ||
| 300 | _a115გვ.21სმ. | ||
| 300 | _eილ.ცხრ. | ||
| 653 | _aვაზის დაცვა მავნე ორგანიზმებისაგან | ||
| 942 | _cBK | ||
| 999 |
_c44429 _d44429 |
||